[Event "Carpuela CupT U20 6th"]
[Site "Carpuela"]
[Date "2015.06.02"]
[Round "2.1"]
[White "Ortiz Ortiz, Francisco"]
[Black "Ponton Gallardo, Luigi Fernand"]
[Result "1-0"]
[WhiteElo "1654"]
[BlackElo "1545"]
[PlyCount "93"]
[EventDate "2015.06.01"]
[EventType "team-swiss"]
[EventRounds "7"]
[EventCountry "ECU"]
[SourceTitle "CBM 166 Extra"]
[Source "ChessBase"]
[SourceDate "2015.06.18"]
[SourceVersion "1"]
[SourceVersionDate "2015.06.18"]
[SourceQuality "1"]
[WhiteTeam "Esmeraldas"]
[BlackTeam "Zamora"]
[WhiteTeamCountry "ECU"]
[BlackTeamCountry "ECU"]

1. d4 d5 2. Nf3 e6 3. c4 Nf6 4. Nc3 Nbd7 5. Bg5 Be7 6. e3 h6 7. Bxf6 Nxf6 8. Ne5 0-0 9. c5 c6 10. Bd3 Qc7 11. f4 Nd7 12. 0-0 Nxe5 13. fxe5 f5 14. exf6 Bxf6 15. Qh5 Bd7 16. Qg6 Be8 17. Qh7+ Kf7 18. Bg6+ Ke7 19. Rxf6 Rxf6 20. Qxg7+ Bf7 21. Bxf7 Rxf7 22. Qxh6 Raf8 23. Ne2 Rf6 24. Qg5 Ke8 25. Nf4 Qe7 26. Qe5 Kd7 27. Qh5 Rf5 28. Qh3 Qf6 29. g4 Rxf4 30. exf4 Qxd4+ 31. Kh1 Qxf4 32. Re1 Rf6 33. Rg1 Rh6 34. Qg3 Qe4+ 35. Qg2 Qxg2+ 36. Rxg2 Ke7 37. g5 Rh5 38. Rg4 Kf7 39. h4 Kg6 40. Kg2 Kf5 41. Kg3 Kg6 42. Rf4 e5 43. Rf6+ Kg7 44. Kg4 Rh8 45. Re6 Rf8 46. Re7+ Kg8 47. Rxe5 1-0

[Event "Carpuela CupT U20 6th"]
[Site "Carpuela"]
[Date "2015.06.02"]
[Round "3.1"]
[White "Ponton Gallardo, Luigi Fernand"]
[Black "Guaranda Chancay, Edward Fabri"]
[Result "0-1"]
[WhiteElo "1545"]
[BlackElo "1592"]
[PlyCount "48"]
[EventDate "2015.06.01"]
[EventType "team-swiss"]
[EventRounds "7"]
[EventCountry "ECU"]
[SourceTitle "CBM 166 Extra"]
[Source "ChessBase"]
[SourceDate "2015.06.18"]
[SourceVersion "1"]
[SourceVersionDate "2015.06.18"]
[SourceQuality "1"]
[WhiteTeam "Zamora"]
[BlackTeam "Santa Elena"]
[WhiteTeamCountry "ECU"]
[BlackTeamCountry "ECU"]

1. e4 e6 2. d4 d5 3. exd5 exd5 4. c4 c6 5. Nc3 Nf6 6. Bd3 Be7 7. Nge2 0-0 8. Bf4 Re8 9. cxd5 Nxd5 10. 0-0 Nxf4 11. Nxf4 Bd6 12. Nfe2 Bg4 13. Qc2 Qh4 14. f4 Nd7 15. Ne4 Bxe2 16. Bxe2 Bxf4 17. g3 Be3+ 18. Nf2 Qe7 19. Rad1 Nf6 20. Bf3 Ne4 21. Bxe4 Qxe4 22. Qb3 Re7 23. Rde1 Rae8 24. h4 Qxd4 0-1